[Event "Thueringen-ch HT"]
[Site "Finsterbergen"]
[Date "2001.04.15"]
[Round "7"]
[White "Thielen, Dieter"]
[Black "Rohmeiss, Roberto"]
[Result "1/2-1/2"]
[WhiteElo "2069"]
[BlackElo "2065"]
[PlyCount "140"]
[EventDate "2001.04.??"]
[EventType "swiss"]
[EventRounds "9"]
[EventCountry "GER"]
[SourceTitle "EXT 2005"]
[Source "ChessBase"]
[SourceDate "2004.11.15"]
[SourceVersion "1"]
[SourceVersionDate "2004.11.15"]
[SourceQuality "1"]

1. e4 c6 2. d4 d5 3. exd5 cxd5 4. c4 Nf6 5. Nc3 e6 6. Nf3 Be7 7. Be2 0-0 8. 0-0 Re8 9. c5 b6 10. b4 a5 11. Na4 Nfd7 12. Bb5 axb4 13. c6 Nf6 14. Bf4 Bd6 15. Bxd6 Qxd6 16. Nxb6 Ra5 17. Ba4 Ba6 18. Rc1 Bxf1 19. Kxf1 Qc7 20. Nd7 Rc8 21. Nxb8 Rxb8 22. Ne5 Ne4 23. Bb3 f6 24. Nd7 Rd8 25. Qe1 Qxh2 26. Qe3 Qc7 27. f3 Ng5 28. Qd2 Ra6 29. Qc2 Rc8 30. Ba4 Qa5 31. Nc5 Raxc6 32. Bxc6 Rxc6 33. Qe2 Kf7 34. Rc2 e5 35. f4 exf4 36. Qh5+ g6 37. Qg4 Ne6 38. Qf3 Qb5+ 39. Kf2 Nxc5 40. Qxd5+ Re6 41. Rxc5 Qe2+ 42. Kg1 Qe1+ 43. Kh2 Kg7 44. Qf3 Qh4+ 45. Qh3 Qxh3+ 46. Kxh3 Re3+ 47. Kg4 Rg3+ 48. Kxf4 Rxg2 49. Ra5 h5 50. d5 Kf7 51. Ra7+ Ke8 52. Ke3 Rg3+ 53. Kd4 Ra3 54. Rb7 Rxa2 55. Rxb4 h4 56. Kc5 g5 57. d6 Rd2 58. Rb8+ Kd7 59. Rb7+ Ke6 60. Re7+ Kf5 61. Kc6 h3 62. d7 g4 63. Rh7 h2 64. Rxh2 Rd3 65. Rh8 g3 66. d8Q Rxd8 67. Rxd8 Kf4 68. Kd5 g2 69. Rg8 Kf3 70. Ke6 Kf2 1/2-1/2

[Event "Thueringen-ch HT"]
[Site "Finsterbergen"]
[Date "2000.04.23"]
[Round "7"]
[White "Krug, Klaus Peter"]
[Black "Thielen, Dieter"]
[Result "1/2-1/2"]
[WhiteElo "1931"]
[BlackElo "1881"]
[PlyCount "136"]
[EventDate "2000.05.??"]
[EventType "swiss"]
[EventRounds "9"]
[EventCountry "GER"]
[SourceTitle "EXT 2005"]
[Source "ChessBase"]
[SourceDate "2004.11.15"]
[SourceVersion "1"]
[SourceVersionDate "2004.11.15"]
[SourceQuality "1"]

1. e4 e6 2. d3 d5 3. Nd2 c5 4. g3 Nc6 5. Bg2 Nf6 6. Ne2 Be7 7. 0-0 0-0 8. a4 b6 9. h3 Bb7 10. f4 dxe4 11. dxe4 Na5 12. Nc3 Qd7 13. Qe2 Rad8 14. Nf3 Qc8 15. Ne5 Nc6 16. Nxc6 Bxc6 17. Be3 Qb7 18. Bf2 Rd7 19. Rfd1 Rfd8 20. Rd3 Rxd3 21. cxd3 Qa6 22. Bf1 b5 23. axb5 Qxa1 24. bxc6 Qa6 25. d4 Qxc6 26. d5 exd5 27. exd5 Qb7 28. Bg2 Bd6 29. Nb5 a6 30. Nxd6 Rxd6 31. Bxc5 Rxd5 32. b4 Qc8 33. Bxd5 Nxd5 34. Qe5 Nf6 35. g4 h6 36. Kf2 Qd7 37. Ke2 Qb5+ 38. Ke3 Qc4 39. Kf3 Qd3+ 40. Qe3 Qd5+ 41. Ke2 Qg2+ 42. Kd3 Qd5+ 43. Kc2 Qa2+ 44. Kd3 Qb3+ 45. Kd2 Qd5+ 46. Kc1 Qc4+ 47. Kb2 Ne4 48. Qc1 Qe2+ 49. Qc2 Qf3 50. Be3 Nd6 51. Bd2 Qd5 52. Kb1 Nc4 53. Bc1 Qb5 54. Qc3 a5 55. Bb2 Nxb2 56. Kxb2 Qxb4+ 57. Qxb4 axb4 58. Kb3 Kh7 59. Kxb4 Kg6 60. Kc4 h5 61. Kd5 hxg4 62. hxg4 f5 63. g5 Kh5 64. Ke6 Kg4 65. Kf7 Kxf4 66. g6 Ke3 67. Kxg7 f4 68. Kh6 f3 1/2-1/2

[Event "Thueringen-ch HT"]
[Site "Finsterbergen"]
[Date "2000.04.19"]
[Round "1"]
[White "Thielen, Dieter"]
[Black "Fuchs, Antje"]
[Result "1/2-1/2"]
[WhiteElo "1881"]
[BlackElo "2012"]
[PlyCount "51"]
[EventDate "2000.05.??"]
[EventType "swiss"]
[EventRounds "9"]
[EventCountry "GER"]
[SourceTitle "EXT 2005"]
[Source "ChessBase"]
[SourceDate "2004.11.15"]
[SourceVersion "1"]
[SourceVersionDate "2004.11.15"]
[SourceQuality "1"]

1. e4 c5 2. Nf3 d6 3. d4 cxd4 4. Nxd4 Nf6 5. Nc3 a6 6. f4 Qc7 7. Be2 e6 8. a4 Be7 9. 0-0 Nc6 10. Kh1 0-0 11. Nxc6 bxc6 12. Bf3 Nd7 13. Re1 Rb8 14. b3 Bf6 15. Qd3 c5 16. Bd2 Bb7 17. Rad1 Rfc8 18. e5 Bxf3 19. gxf3 dxe5 20. Qxa6 c4 21. Nb5 Qc6 22. Qxc6 Rxc6 23. Bb4 Nf8 24. fxe5 Bg5 25. Bd6 Ra8 26. Re2 1/2-1/2